000 00304nam a2200121Ia 4500
008 190216s9999||||xx |||||||||||||| ||und||
100 _aAgarwala & Singh Sp
245 0 _aEconomics Of Underdevelopment
260 _bOxford University Press
_c1982
300 _a510p
650 _aEconomics
942 _cBK
999 _c9323
_d9323